00699nam a2200217 a 450000100060000000300090000600800410001502000320005604000280008808200150011610000370013124500790016825000120024726000350025930000260029449000650032050400270038565000260041265000260043865000170046424791CO-ViMGA141112s2004 ck r 000 u spa d a9789580228325 (colección) aCO-ViMGAbspacCO-ViMGA04a551.6 F55c1 aFonseca Parra, Tatiana Alejandra10aCalentamiento y oscurecimiento global / cTatiana Alejandra Fonseca Parra. a1a. ed. aBogotá : bVoluntad, c2009. a96 p. : fot. ; 24 cm. aPlan lector voluntad, ciencia, tecnología y medio ambiente aBibliografía : p. 9614aCalentamiento global 14aCambios climáticos 14aClimatologia